<?xml version="1.0" encoding="UTF-8"?>
<record
    xmlns:xsi="http://www.w3.org/2001/XMLSchema-instance"
    xsi:schemaLocation="http://www.loc.gov/MARC21/slim http://www.loc.gov/standards/marcxml/schema/MARC21slim.xsd"
    xmlns="http://www.loc.gov/MARC21/slim">

  <leader>04237nam a22002537a 4500</leader>
  <controlfield tag="003">OSt</controlfield>
  <controlfield tag="005">20250429114947.0</controlfield>
  <controlfield tag="008">250428b        |||||||| |||| 00| 0 eng d</controlfield>
  <datafield tag="020" ind1=" " ind2=" ">
    <subfield code="a">9789351611110</subfield>
  </datafield>
  <datafield tag="040" ind1=" " ind2=" ">
    <subfield code="c">AIMIT LIBRARY</subfield>
  </datafield>
  <datafield tag="082" ind1=" " ind2=" ">
    <subfield code="2">1</subfield>
    <subfield code="a">658.3</subfield>
    <subfield code="b">PRAL</subfield>
  </datafield>
  <datafield tag="100" ind1=" " ind2=" ">
    <subfield code="a">Prasad, L M.</subfield>
    <subfield code="9">208991</subfield>
  </datafield>
  <datafield tag="245" ind1=" " ind2=" ">
    <subfield code="a">Human resource management /</subfield>
    <subfield code="c">By L M Prasad.</subfield>
  </datafield>
  <datafield tag="260" ind1=" " ind2=" ">
    <subfield code="a">New Delhi :</subfield>
    <subfield code="b">Sultan Chand and Sons ,</subfield>
    <subfield code="c">2024.</subfield>
  </datafield>
  <datafield tag="300" ind1=" " ind2=" ">
    <subfield code="a">xiv,586 p.;</subfield>
    <subfield code="b">PB</subfield>
    <subfield code="c">25.2 cm.</subfield>
  </datafield>
  <datafield tag="500" ind1=" " ind2=" ">
    <subfield code="a">The present text is the most authentic presentation of contemporary concepts and practices in Human Resource Management. An attempt has been made to incorporate the latest developments in the field. Many examples have been presented to show human resource management practices adopted by leading Indian companies. The book ideally fulfills the requirements of MBA/PGDM/M.Com and other relevant PG degrees/diplomas for Human Resource Management course. Besides, personnel managers whose organisations are graduating from traditional personnel management practices to modern human resource management practices, will also find this book worthwhile. The main features of the book are as follows :
Most comprehensive coverage with latest developments.
Subject-matter presented in simple and lucid style with suitable use of Figures, Tables and Exhibits.
Proper blend of theories and their practices in Indian situations.
Forty-five Exhibits showing how leading Indian companies follow different human resource management practices.
Live cases for class-room discussion to sharpen the diagnostic and analytical skills of the participants.
Each chapter commencing with the presentation of theme, contents and two relevant thoughts of leading personalities from India and abroad.
Changes in the Present Edition
The book in its third edition has been thoroughly revised and restructured with a view to incorporate the latest developments as well as to put the relevant and closely related subject-matters together. The following changes have been made in the present edition :

New Additions. In the present edition, many newwr concepts have been added. Some relevant concepts and issues are human capital management, talent management, issues related to workforce diversity, business process reengineering, ethical issues in human resource management, strategic performance appraisal, carrer customisation, secondment, stay interview, and outplacement. A case has been added to every chapater for classroom discussion as well as learning through cases. Besides the above addition, most of the chapters have been written afresh to incorproate the latest developments related to relevant issues</subfield>
  </datafield>
  <datafield tag="505" ind1=" " ind2=" ">
    <subfield code="a">Part I : Framework for Human Resource Management

Nature Human Resource Management
Human Resource Management Functions Strategic HRM
Environmental Influences on Human Resource Management
Human Resource Philosophy and Policy
Human Resource Information System
Research, Accounting and Audit.
Part II : Acquiring Human Resources

Human Resource Planning
Job Design and Job Analysis
Recruitment
Selection
Socialisation, Orientation and Placement.
Part III : Developing Human Resources

Human Resource Development System
Career Planning &amp; Development
Training and Development
Organisation Development.
Part IV : Managing Performance and Compensation

Performance Management
Compensation Management
Incentives and Benefits.
Part V : Motivating and Maintaining Human Resources

Motivating Environment
Empowerment and Participation
Safety and Health Management
Human Resource Mobility.
Part VI : Managing Industrial Relations

Dynamics of Industrial Relations
Discipline and Grievance Management
Management of Industrial Disputes.
Part VII : Human Resource Management for Global Business

International Human Resource Management
Appendix : Learning Through Cases
Name Index
Organisation Index 
Subject Index</subfield>
    <subfield code="r">Prasad L.M.</subfield>
  </datafield>
  <datafield tag="650" ind1=" " ind2=" ">
    <subfield code="a">Human resource management environment</subfield>
    <subfield code="9">208992</subfield>
  </datafield>
  <datafield tag="650" ind1=" " ind2=" ">
    <subfield code="a">Human resource management</subfield>
    <subfield code="9">208993</subfield>
  </datafield>
  <datafield tag="650" ind1=" " ind2=" ">
    <subfield code="a">Job design and job analysis</subfield>
    <subfield code="9">208994</subfield>
  </datafield>
  <datafield tag="650" ind1=" " ind2=" ">
    <subfield code="a">Compensation management</subfield>
    <subfield code="9">208995</subfield>
  </datafield>
  <datafield tag="650" ind1=" " ind2=" ">
    <subfield code="a">Discipline and grievance management</subfield>
    <subfield code="9">208996</subfield>
  </datafield>
  <datafield tag="942" ind1=" " ind2=" ">
    <subfield code="2">ddc</subfield>
    <subfield code="c">BK</subfield>
    <subfield code="k">658.3 PRAL</subfield>
  </datafield>
  <datafield tag="999" ind1=" " ind2=" ">
    <subfield code="c">234254</subfield>
    <subfield code="d">234254</subfield>
  </datafield>
  <datafield tag="952" ind1=" " ind2=" ">
    <subfield code="0">0</subfield>
    <subfield code="1">0</subfield>
    <subfield code="2">ddc</subfield>
    <subfield code="4">0</subfield>
    <subfield code="7">0</subfield>
    <subfield code="8">MBA</subfield>
    <subfield code="a">AIMIT</subfield>
    <subfield code="b">AIMIT</subfield>
    <subfield code="c">HRM</subfield>
    <subfield code="d">2025-03-14</subfield>
    <subfield code="e">Biblios Book Point</subfield>
    <subfield code="g">500.00</subfield>
    <subfield code="i">Bill no:7467; Bill dt:2025/3/11</subfield>
    <subfield code="l">0</subfield>
    <subfield code="o">658.3 PRAL</subfield>
    <subfield code="p">MBA15056</subfield>
    <subfield code="r">2026-05-23 00:00:00</subfield>
    <subfield code="v">425.00</subfield>
    <subfield code="w">2025-04-28</subfield>
    <subfield code="y">BK</subfield>
  </datafield>
  <datafield tag="952" ind1=" " ind2=" ">
    <subfield code="0">0</subfield>
    <subfield code="1">0</subfield>
    <subfield code="2">ddc</subfield>
    <subfield code="4">0</subfield>
    <subfield code="7">0</subfield>
    <subfield code="8">MBA</subfield>
    <subfield code="a">AIMIT</subfield>
    <subfield code="b">AIMIT</subfield>
    <subfield code="c">HRM</subfield>
    <subfield code="d">2025-03-14</subfield>
    <subfield code="e">Biblios Book Point</subfield>
    <subfield code="g">500.00</subfield>
    <subfield code="i">Bill no:7467; Bill dt:2025/3/11</subfield>
    <subfield code="l">0</subfield>
    <subfield code="o">658.3 PRAL</subfield>
    <subfield code="p">MBA15057</subfield>
    <subfield code="r">2026-05-23 00:00:00</subfield>
    <subfield code="v">425.00</subfield>
    <subfield code="w">2025-04-28</subfield>
    <subfield code="y">BK</subfield>
  </datafield>
</record>
